=LDR 00000nam 2200000 4500 =001 INLIS000000000015246 =005 20130612110527 =008 ***********************************Ind** =035 ##$$0010-061300000015246 =041 ##$$a Ind =082 ##$$a 631.42 =090 ##$$a 631.42, Mas.t =100 ##$$a Mas'ud, Poerwowidodo =245 ##$$a Telah Kesuburan Tanah, Poerwowidodo Mas'ud =260 ##$$a 1993 $b Bandung =300 ##$$a V, 274 hlm, 21 cm =650 ##$$a Tanah, Kesuburan =850 ##$$a NBPNMAT